000 01153nam0a22002531 4500
001 rc\507263
005 20260406152428.0
035 _a(NLR Aleph) 005747783
090 _a4807259
_c4807259
100 _a20030616d1987 |||y0rusy50 ca
101 0 _arus
102 _aRU
105 _ay |||||||||
200 1 _aГосударственно-правовое строительство Таджикской ССР на современном этапе
_e[Сб. ст.]
_fАН ТаджССР, Ин-т истории им. А. Дониша, Тадж. респ. правл. Сов. ассоц. полит. наук
_gОтв. ред. Б.И. Искандаров, С.А. Раджабов
210 _aДушанбе
_cДониш
_d1987
215 _a289, [3] с.
_d20
320 _aБиблиогр. в примеч. в конце ст.
702 1 _aИскандаров
_bБ.И.
_gБуходор Искандарович
_4340
712 0 2 _aИнститут истории им. А. Дониша
_cДушанбе
_3RU\NLR\AUTH\889927875
_9351369
801 0 _aRU
_bNLR
_gpsbo
801 1 _aRU
_bELAR
_2rusmarc
852 _aNLR
_j88-3/4212
942 _cBOOK
980 _aNB